Risk management framework for construction projects in developing countries (Record no. 117325)

MARC details
000 -LEADER
fixed length control field 01534cam a2200253 4500
001 - CONTROL NUMBER
control field ABS67689
008 - FIXED-LENGTH DATA ELEMENTS--GENERAL INFORMATION
fixed length control field 040507n2004 000 0 eng u
035 ## - SYSTEM CONTROL NUMBER
System control number (Sirsi) u126142
100 ## - MAIN ENTRY--PERSONAL NAME
Personal name Wang, S.
245 ## - TITLE STATEMENT
Title Risk management framework for construction projects in developing countries
260 ## - PUBLICATION, DISTRIBUTION, ETC.
Date of publication, distribution, etc. 2004
490 ## - SERIES STATEMENT
Series statement Construction Management and Economics
Volume/sequential designation 22(3) March 2004, 237-252(16)
520 ## - SUMMARY, ETC.
Summary, etc. Research seeking to identify and evaluate risks and their effective mitigation measures and to develop a risk management framework, which the international investors, developers and contractors can adopt when contracting construction work in developing countries. A survey was conducted and 28 critical risks identified, categorised into hierarchical levels and their criticality evaluated and ranked. For each of the identified risks, practical mitigation measures have also been proposed and evaluated. Almost all mitigation measures have been perceived by the survey respondents as effective. A risk model, named Alien Eyes' Risk Model, which shows the hierarchical levels of the risks and the influence relationship among the risks, is also proposed. Diagrams, tables and references. [Taken from journal abstract].
590 ## - LOCAL NOTE (RLIN)
Local note ABS
590 ## - LOCAL NOTE (RLIN)
Local note ABS
650 ## - SUBJECT ADDED ENTRY--TOPICAL TERM
Topical term or geographic name entry element RISK MANAGEMENT
650 ## - SUBJECT ADDED ENTRY--TOPICAL TERM
Topical term or geographic name entry element DEVELOPING COUNTRIES
650 ## - SUBJECT ADDED ENTRY--TOPICAL TERM
Topical term or geographic name entry element RISK IDENTIFICATION
650 ## - SUBJECT ADDED ENTRY--TOPICAL TERM
Topical term or geographic name entry element INTERNATIONAL CONSTRUCTION
690 ## - LOCAL SUBJECT ADDED ENTRY--TOPICAL TERM (OCLC, RLIN)
Topical term or geographic name as entry element BUILDING AND CONSTRUCTION-CONTRACTS
700 ## - ADDED ENTRY--PERSONAL NAME
Personal name Dulaimi, M.
700 ## - ADDED ENTRY--PERSONAL NAME
Personal name Aguria, M.
942 ## - ADDED ENTRY ELEMENTS (KOHA)
Suppress in OPAC 0
Holdings
Withdrawn status Lost status Source of classification or shelving scheme Damaged status Not for loan Home library Current library Shelving location Date acquired Total Checkouts Full call number Barcode Date last seen Copy number Price effective from Koha item type
    Dewey Decimal Classification     London London Journal article 07/05/2004   ABS67689 126142-1001 06/08/2019 1 06/08/2019 Journal article